Judy Moody declares independence / (Record no. 5964)

MARC details
000 -LEADER
fixed length control field 01341cam a2200361 a 4500
001 - CONTROL NUMBER
control field 5964
003 - CONTROL NUMBER IDENTIFIER
control field FISKH
005 - DATE AND TIME OF LATEST TRANSACTION
control field 20250213092116.0
008 - FIXED-LENGTH DATA ELEMENTS--GENERAL INFORMATION
fixed length control field 040513s2005 maua b 000 1 eng
010 ## - LIBRARY OF CONGRESS CONTROL NUMBER
LC control number 2004051833
020 ## - INTERNATIONAL STANDARD BOOK NUMBER
International Standard Book Number 076362361X
020 ## - INTERNATIONAL STANDARD BOOK NUMBER
International Standard Book Number 9780763648527 (hardcover)
020 ## - INTERNATIONAL STANDARD BOOK NUMBER
International Standard Book Number 9781536200768 (paperback)
020 ## - INTERNATIONAL STANDARD BOOK NUMBER
International Standard Book Number 9780763648510
040 ## - CATALOGING SOURCE
Original cataloging agency DLC
Transcribing agency DLC
Modifying agency DLC
Language of cataloging eng
050 ## - LIBRARY OF CONGRESS CALL NUMBER
Classification number PZ7.M1487 J
082 ## - DEWEY DECIMAL CLASSIFICATION NUMBER
Classification number 813.6
100 1# - MAIN ENTRY--PERSONAL NAME
Personal name McDonald, Megan
Dates associated with a name (1959-)
245 10 - TITLE STATEMENT
Title Judy Moody declares independence /
Statement of responsibility, etc. Megan McDonald ; illustrated by Peter H. Reynolds.
250 ## - EDITION STATEMENT
Edition statement This edition first published in 2010
260 ## - PUBLICATION, DISTRIBUTION, ETC.
Place of publication, distribution, etc. Massachusetts :
Name of publisher, distributor, etc. Candlewick Press,
Date of publication, distribution, etc. 2005.
300 ## - PHYSICAL DESCRIPTION
Extent 144 pages :
Other physical details illustrations ;
Dimensions 20 cm.
505 ## - FORMATTED CONTENTS NOTE
Formatted contents note N<br/>
520 ## - SUMMARY, ETC.
Summary, etc. After learning about the American Revolution on a family trip to Boston, Massachusetts, Judy Moody makes her own Declaration of Independence and tries to prove that she is responsible enough to have more freedoms, such as a higher allowance and her own bathroom.
521 8# - TARGET AUDIENCE NOTE
Target audience note 530<br/>
Source Lexile<br/>
521 8# - TARGET AUDIENCE NOTE
Target audience note N<br/>
Source Raz-Plus<br/>
650 #1 - SUBJECT ADDED ENTRY--TOPICAL TERM
Topical term or geographic name entry element Responsibility
Form subdivision Fiction.
650 #1 - SUBJECT ADDED ENTRY--TOPICAL TERM
Topical term or geographic name entry element Humorous stories.
Source of heading or term Boston (Mass.)
700 1# - ADDED ENTRY--PERSONAL NAME
Personal name Reynolds, Peter H
Fuller form of name illustrator
906 ## - LOCAL DATA ELEMENT F, LDF (RLIN)
a 7
b cbc
c orignew
d 1
e ocip
f 20
g y-gencatlg
942 ## - ADDED ENTRY ELEMENTS (KOHA)
Source of classification or shelving scheme Dewey Decimal Classification
Koha item type Books
Suppress in OPAC No
Holdings
Withdrawn status Lost status Source of classification or shelving scheme Damaged status Not for loan Collection Home library Current library Shelving location Date acquired Total Checkouts Full call number Barcode Date last seen Date last checked out Copy number Price effective from Koha item type
    Dewey Decimal Classification     Juvenile Fiction Footprints International School Library Network Toul Kork Campus Footprints International School Library Network Toul Tom Poung Campus TTP Primary Yellow Bookshelves 02/13/2025 1 REY 813.6 PZ7.M1487 J 2025-0530 12/03/2025 10/10/2025 1 02/13/2025 Books